000 01128nam2a22002651 4500
001 RU\NLR\INFOCOMM6\1000417235
005 20250617045413.0
035 _a(NLR Aleph) 002463126
090 _a2270348
_c2270348
100 _a20040327d1969 |||y0rusy50 ca
101 0 _arus
102 _aRU
105 _ay |||||||||
200 1 _aХарактеры неприводимых представлений некомпактных групп вращений 0 (p, q)
_fА.Н. Лезнов
210 _d1969
_aБ. м.
225 1 _aСТФ
461 0 _1001RU\NLR\INFOCOMM6\1000416985
_12001#$a[Издания]$fИн-т физики высоких энергий. ИФВЭ$v1969, 84
_93998336
_aИнститут физики высоких энергий (пос. Протвино, Московская обл.)
_cСерпухов
_d1967-
_fИн-т физики высоких энергий. ИФВЭ
_t[Издания]
_v1969, 84
700 1 _aЛезнов
_bА.Н.
_4070
801 1 _aRU
_bInfoComm
_c20040327
801 0 _aRU
_bNLR
_gPSBO
852 _aNLR
_jП7/1175
942 _cISSUE
980 _aNB
980 _aRUSPER